00721nam a2200181 a 4500001001000000005001700010008004100027050002800068100003000096245009800126260011700224300001800341440004000359504004100399651003200440651004800472653001900520BRCA_213420190320203700.0120808s1992----mx-#---###---#000-0#spa-# 4aF1391.P8b.L43 79c19921 aMorales Pardo, Luz Marina10aOligarquía, familia e iglesia en Pueblabtres sacerdotes FurlongcLuz Marina Morales Pardo. aPuebla, MéxicobGobierno del Estado de Puebla : Secretaría de Cultura : Comisión Puebla V Centenarioc1992 a20 p.c21 cm. 0aLecturas Históricas de Pueblan79 aIncluye referencias bibliográficas 4aPuebla (México)xHistoria 4aPuebla (México)xVida social y costumbres0 aVida cotidiana